000 00454nab a2200145Ia 4500
003 ES-SlBCS
005 20210601135703.0
008 140529s1996 xxu||||| |||| 00| 0 spa d
041 _aspa
100 1 _aElizondo, Virgilio
_d, 1935-2016
_9235357
245 0 0 _aOportunidades pastorales de las peregrinaciones
_c Virgilio Elizondo
650 0 4 _aPeregrinaciones-Pastoral
_9235383
773 0 _tConcilium
_gnº. 266, 1996, págs. 731-740
_wRev134
942 _cAR
999 _c632296
_d632296